| 000 | 01163nam a2200313 a 4500 | ||
|---|---|---|---|
| 001 | 355 | ||
| 003 | BR-CuiBMT | ||
| 005 | 20231121235257.0 | ||
| 008 | 231101s2018 mgb 000 0 por d | ||
| 020 | _a9788545005827 | ||
| 040 |
_aBR-CuiBMT _cBR-CuiBMT |
||
| 080 |
_22007 _a342.4 _x(81):340.132 |
||
| 090 |
_a342.4(81):340.132 _bR426 |
||
| 245 | 0 | 2 |
_aA república que ainda não foi : _btrinta anos da Constituição de 1988 na visão da Escola de Direito Constitucional da UERJ / _cLuís Roberto Barroso, Patrícia Perrone Campos Mello, coordenadores ; [autores: Ademar Borges ... et al.]. |
| 260 |
_aBelo Horizonte : _bFórum, _cc2018. |
||
| 300 |
_a639 p. ; _c25 cm |
||
| 500 | _aVários colaboradores. | ||
| 504 | _ainclui bibliografia. | ||
| 650 |
_aDireito constitucional _zBrasil |
||
| 650 |
_aProcesso constitucional _zBrasil |
||
| 650 |
_aRepública _zBrasil |
||
| 650 |
_aEstabilidade econômica _yBrasil |
||
| 650 |
_aSistema político _yBrasil |
||
| 650 | _aCorrupção | ||
| 700 | 1 |
_aBarroso, Luís Roberto, _d1958- _4coord. |
|
| 700 | 1 |
_aMello, Patrícia Perrone Campos _4coord. |
|
| 700 | 1 |
_aBorges, Ademar _eet al. _eautores |
|
| 942 |
_2udc _cLV |
||
| 999 |
_c355 _d355 |
||